R v Elmbridge BC et al (Record no. 65459)
[ view plain ]
| 000 -LEADER | |
|---|---|
| fixed length control field | 00530cam a2200169 4500 |
| 001 - CONTROL NUMBER | |
| control field | X109643 |
| 008 - FIXED-LENGTH DATA ELEMENTS--GENERAL INFORMATION | |
| fixed length control field | 000000n2000 000 0 eng u |
| 035 ## - SYSTEM CONTROL NUMBER | |
| System control number | (Sirsi) u109643 |
| 245 ## - TITLE STATEMENT | |
| Title | R v Elmbridge BC et al |
| 260 ## - PUBLICATION, DISTRIBUTION, ETC. | |
| Date of publication, distribution, etc. | 2000 |
| 490 ## - SERIES STATEMENT | |
| Series statement | New Property Cases |
| Volume/sequential designation | [2000] NPC 120 |
| 520 ## - SUMMARY, ETC. | |
| Summary, etc. | QBD 11 November 2000. Provision of motorway service areas on the M25 and M24 (NB NO PHOTOCOPYING ALLOWED |
| 650 ## - SUBJECT ADDED ENTRY--TOPICAL TERM | |
| Topical term or geographic name entry element | R V ELMBRIDGE BC |
| 650 ## - SUBJECT ADDED ENTRY--TOPICAL TERM | |
| Topical term or geographic name entry element | MOTORWAY SERVICE AREAS |
| 690 ## - LOCAL SUBJECT ADDED ENTRY--TOPICAL TERM (OCLC, RLIN) | |
| Topical term or geographic name as entry element | PLANNING AND LAND LAW-CASE LAW |
| 942 ## - ADDED ENTRY ELEMENTS (KOHA) | |
| Suppress in OPAC | 0 |
| Withdrawn status | Lost status | Source of classification or shelving scheme | Damaged status | Not for loan | Home library | Current library | Shelving location | Date acquired | Total Checkouts | Full call number | Barcode | Date last seen | Copy number | Price effective from | Koha item type |
|---|---|---|---|---|---|---|---|---|---|---|---|---|---|---|---|
| Dewey Decimal Classification | London | London | Journal article | 01/12/2000 | X109643 | 109643-1001 | 06/08/2019 | 1 | 06/08/2019 | Law report |